[Event "POL-ch Universities"]
[Site "Bydgoszcz"]
[Date "2023.03.10"]
[Round "1"]
[White "Buzdygan, Mikhailo"]
[Black "Szustakowski, Antoni"]
[Result "0-1"]
[WhiteElo "1477"]
[BlackElo "2332"]
[PlyCount "42"]
[EventDate "2023.03.10"]
[EventType "swiss"]
[EventRounds "9"]
[EventCountry "POL"]
[SourceTitle "CBM 213 Extra"]
[Source "ChessBase"]
[SourceDate "2023.05.31"]
[SourceVersion "1"]
[SourceVersionDate "2023.05.31"]
[SourceQuality "1"]

1. d4 Nf6 2. c4 e6 3. g3 d5 4. Nf3 Be7 5. Bg2 0-0 6. 0-0 c6 7. Nbd2 b6 8. Qc2 Bb7 9. e4 dxc4 10. Nxc4 Nbd7 11. Rd1 c5 12. e5 Nd5 13. a4 Rc8 14. Qe2 Ba6 15. dxc5 Rxc5 16. Nfd2 Qc7 17. Bf1 Rc8 18. b4 Rxc4 19. Nxc4 Nc3 20. Rxd7 Nxe2+ 21. Bxe2 Qxd7 0-1